|
|
|
|
| LEADER |
00000nam a2200000 4500 |
| 001 |
vtls011872061 |
| 003 |
SK-MaSNL |
| 005 |
20260301143959.0 |
| 007 |
co cg auuua |
| 008 |
190620s2017 xo | fqn 000 0 slo |
| 015 |
|
|
|a SNBS2019
|
| 020 |
|
|
|a 9788022544283
|q (elektronická kniha)
|
| 040 |
|
|
|a SNK
|b slo
|c SNK
|e rda
|
| 041 |
0 |
|
|a slo
|a eng
|
| 044 |
|
|
|a xo
|c SK
|
| 072 |
|
7 |
|a 368
|x Poisťovníctvo
|2 konspekt
|
| 080 |
|
|
|a 368:51-7
|2 2011
|
| 080 |
|
|
|a 336:51-7
|2 2011
|
| 080 |
|
|
|a 519.866
|2 2011
|
| 080 |
|
|
|a 004.4
|2 2011
|
| 080 |
|
|
|a (082)
|2 2011
|
| 080 |
|
|
|a (0.034.44)
|2 2011
|
| 245 |
0 |
0 |
|a Software support in economic-mathematical and actuarial models
|b reviewed collection of research papers
|c editor Ingrid Ondrejková Krčová
|
| 246 |
3 |
1 |
|a Softvérová podpora v ekonomicko-matematických a aktuárskych modeloch
|b recenzovaný zborník vedeckých prác
|
| 264 |
|
1 |
|a Bratislava
|b Ekonomická univerzita v Bratislave
|b Ekonóm
|c 2017
|
| 300 |
|
|
|a 1 CD-ROM
|c 12 cm
|
| 336 |
|
|
|a text
|b txt
|2 rdacontent
|
| 337 |
|
|
|a počítač
|b c
|2 rdamedia
|
| 338 |
|
|
|a počítačový disk
|b cd
|2 rdacarrier
|
| 347 |
|
|
|a textový súbor
|b PDF
|2 rda
|
| 500 |
|
|
|a Nad názvom: Ekonomická univerzita v Bratislave, Fakulta hospodárskej informatiky, Katedra matematiky a aktuárstva
|
| 504 |
|
|
|a Obsahuje bibliografie
|
| 546 |
|
|
|a Súbežné názvy príspevkov v angličtine
|
| 650 |
0 |
7 |
|a poistná matematika
|2 SNKPH
|9 67937
|
| 650 |
0 |
7 |
|a finančná matematika
|2 SNKPH
|9 66402
|
| 650 |
0 |
7 |
|a ekonomické modely
|2 SNKPH
|9 22097
|
| 650 |
0 |
7 |
|a softvér
|2 SNKPH
|9 1223
|
| 650 |
0 |
7 |
|a Actuarial mathematics
|2 SNKPHeng
|9 314156
|
| 650 |
0 |
7 |
|a Business mathematics
|2 SNKPHeng
|9 328645
|
| 650 |
0 |
7 |
|a Economic models
|2 SNKPHeng
|9 353498
|
| 650 |
0 |
7 |
|a Software
|2 SNKPHeng
|9 319938
|
| 655 |
|
7 |
|a zborníky
|2 SNKPH
|9 70165
|
| 655 |
|
7 |
|a CD-ROM
|2 SNKPH
|9 70236
|
| 655 |
|
7 |
|a Papers of several authors
|2 SNKPHeng
|9 153738
|
| 700 |
1 |
|
|a Ondrejková Krčová, Ingrid,
|d 1969-
|4 edt
|9 501697
|
| 710 |
2 |
|
|a Ekonomická univerzita v Bratislave.
|b Fakulta hospodárskej informatiky.
|b Katedra matematiky a aktuárstva
|4 pbl
|9 162113
|
| 919 |
|
|
|a 978-80-225-4428-3
|
| 958 |
|
|
|a NB
|
| 999 |
|
|
|c 775484
|d 777414
|
| 952 |
|
|
|a SNK
|b SNK
|y PREZ
|7 0
|p 17A1373215
|o snkSCDM 10637
|i snk2019/16763
|8 0
|0 0
|1 0
|4 0
|d 2019-06-20
|l 0
|r 2026-02-24 00:48:06
|w 2026-02-24
|
| 952 |
|
|
|t snkSOF 336:004
|a SNKMST
|b SNKMST
|y PREZ
|7 0
|p 17A1373216
|o snkSCDM 10637 D1
|i snk2019/16764
|8 0
|0 0
|1 0
|4 0
|d 2019-06-20
|l 0
|r 2025-08-13 00:00:00
|w 2026-02-24
|